[Event "Olimpiada de Khanty-Mansiysk 2010"]
[Site "Khanty-Mansiysk RUS"]
[Date "2010.09.28"]
[Round "7"]
[White "Munoz, Lisandro"]
[Black "Lee, Sanghoon"]
[Result "1-0"]
[WhiteElo "2391"]
[BlackElo "2146"]
[PlyCount "95"]
[EventDate "2010.09.21"]
[EventType "team"]
[EventRounds "11"]
[EventCountry "RUS"]
[Source "lmi"]
[SourceDate "2010.09.21"]
[WhiteTeam "República Dominicana"]
[BlackTeam "Corea"]
[WhiteTeamCountry "DOM"]
[BlackTeamCountry "KOR"]

1. d4 Nf6 2. c4 g6 3. Nc3 d5 4. Bg5 Ne4 5. Bh4 Nxc3 6. bxc3 dxc4 7. e3 Be6 8.
Nf3 Bg7 9. Qb1 Qd5 10. Be2 Nc6 11. O-O Rb8 12. e4 Qa5 13. d5 Qxc3 14. dxe6 Qxa1
15. exf7+ Kf8 16. Qxa1 Bxa1 17. Rxa1 b5 18. Bg3 Kxf7 19. Bxc7 Rb7 20. Bf4 h6
21. Rb1 g5 22. Be5 Rd8 23. g4 Nxe5 24. Nxe5+ Kf6 25. Nxc4 Rd4 26. Rb2 Rc7 27.
Ne3 Rc1+ 28. Kg2 a6 29. Nd5+ Ke5 30. Nb4 Rc3 31. Nxa6 Kxe4 32. Bxb5 Kf4 33. Be2
e5 34. h3 Ra3 35. Nc5 e4 36. Ne6+ Ke5 37. Nxd4 Kxd4 38. Bd1 e3 39. Rb3 Rxa2 40.
Rxe3 Ra6 41. Bc2 Rf6 42. Bf5 h5 43. Re6 Rf8 44. Rg6 hxg4 45. hxg4 Ke5 46. Rxg5
Kf4 47. Rg6 Rb8 48. Re6 1-0

[Event "Olimpiada de Khanty-Mansiysk 2010"]
[Site "Khanty-Mansiysk RUS"]
[Date "2010.09.28"]
[Round "7"]
[White "Choi, Junil"]
[Black "Fernandez, Francis"]
[Result "0-1"]
[WhiteElo "1820"]
[BlackElo "2313"]
[PlyCount "170"]
[EventDate "2010.09.21"]
[EventType "team"]
[EventRounds "11"]
[EventCountry "RUS"]
[Source "lmi"]
[SourceDate "2010.09.21"]
[WhiteTeam "Corea"]
[BlackTeam "República Dominicana"]
[WhiteTeamCountry "KOR"]
[BlackTeamCountry "DOM"]

1. e4 c5 2. Nf3 a6 3. c3 d6 4. d4 cxd4 5. cxd4 Nf6 6. Nc3 e6 7. Bd3 Be7 8. O-O
O-O 9. e5 Nd5 10. Nxd5 exd5 11. Re1 Nc6 12. exd6 Qxd6 13. h3 Bf6 14. Be3 Nb4
15. Bb1 Bd7 16. a3 Nc6 17. Qd3 g6 18. Bh6 Rfe8 19. Ba2 Be6 20. b4 Red8 21. Bg5
Bf5 22. Qd2 Be4 23. Bxf6 Qxf6 24. Ne5 Nxe5 25. dxe5 Qb6 26. Rac1 a5 27. Bb1
Bxb1 28. Rxb1 a4 29. Rbc1 Rd7 30. Rc5 d4 31. Qd3 Qe6 32. Rc4 Rad8 33. Re4 Qa6
34. g3 Rd5 35. Kg2 R5d7 36. f4 Rd5 37. Kh2 R5d7 38. Kg2 Kg7 39. Kh2 Qb5 40. Kg1
Qa6 41. Kh2 Rd5 42. Kg1 R8d7 43. Kg2 h5 44. Kh2 Qe6 45. Kg2 Qf5 46. Kh2 Rd8 47.
Kg2 R5d7 48. Kh2 Qe6 49. Kg2 Qd5 50. Kh2 b5 51. Rc2 Qb3 52. Rd2 Qc4 53. Kg2 Qd5
54. Kh2 Qc4 55. Kg2 Qc3 56. Kf3 Rc7 57. Kf2 Rc4 58. Qxc3 Rxc3 59. Rexd4 Rxd4
60. Rxd4 Rxa3 61. Rd5 h4 62. gxh4 Rxh3 63. Kg2 Rxh4 64. Kg3 Rh8 65. Rxb5 Ra8
66. Rc5 a3 67. Rc1 a2 68. Ra1 Kf8 69. Kg4 Ke7 70. Kg5 Ra3 71. b5 Rg3+ 72. Kh4
Rg2 73. Kh3 Rb2 74. Kg4 Rg2+ 75. Kf3 Rc2 76. Kg4 Rg2+ 77. Kf3 Rd2 78. Kg4 Kd7
79. Kg5 Rf2 80. b6 Kc6 81. e6 fxe6 82. Kxg6 Kxb6 83. Kf6 Rxf4+ 84. Kxe6 Ra4 85.
Kd6 Kb5 0-1

[Event "Olimpiada de Khanty-Mansiysk 2010"]
[Site "Khanty-Mansiysk RUS"]
[Date "2010.09.28"]
[Round "7"]
[White "Infante, Miguel"]
[Black "Chogdov, Munkhbat"]
[Result "1-0"]
[WhiteElo "2276"]
[BlackElo "2236"]
[PlyCount "96"]
[EventDate "2010.09.21"]
[EventType "team"]
[EventRounds "11"]
[EventCountry "RUS"]
[Source "lmi"]
[SourceDate "2010.09.21"]
[WhiteTeam "República Dominicana"]
[BlackTeam "Corea"]
[WhiteTeamCountry "DOM"]
[BlackTeamCountry "KOR"]

1. Nf3 Nf6 2. c4 c5 3. Nc3 Nc6 4. g3 g6 5. d4 cxd4 6. Nxd4 Bg7 7. Bg2 O-O 8.
O-O Qb6 9. Nb3 d6 10. Be3 Qd8 11. Rc1 Be6 12. Nd5 Bxd5 13. cxd5 Nb4 14. Qd2 Na6
15. Rc2 Qd7 16. a3 Ng4 17. Bd4 Bxd4 18. Nxd4 Nf6 19. Rfc1 Rac8 20. b4 Rxc2 21.
Qxc2 Rb8 22. Qc4 Qa4 23. Qb3 Qxb3 24. Nxb3 Kf8 25. b5 Nc5 26. Nxc5 dxc5 27.
Rxc5 Ke8 28. Rc7 Kd8 29. d6 Ne8 30. Rxe7 Nxd6 31. Re5 Rc8 32. a4 Rc4 33. a5 Rb4
34. e3 Rxb5 35. Rxb5 Nxb5 36. Bxb7 Kd7 37. Bd5 f6 38. Kg2 Kd6 39. Bg8 h6 40.
Kf3 Kc5 41. Bf7 g5 42. Kg4 Nd6 43. Be6 Kb5 44. Kh5 Kxa5 45. Kxh6 Kb4 46. h4 a5
47. h5 a4 48. Kg6 Nc4 1-0

[Event "Olimpiada de Khanty-Mansiysk 2010"]
[Site "Khanty-Mansiysk RUS"]
[Date "2010.09.28"]
[Round "7"]
[White "Jung, Young Hoon"]
[Black "Flaquer, Luis"]
[Result "0-1"]
[WhiteElo "1923"]
[BlackElo "2274"]
[PlyCount "68"]
[EventDate "2010.09.21"]
[EventType "team"]
[EventRounds "11"]
[EventCountry "RUS"]
[Source "lmi"]
[SourceDate "2010.09.21"]
[WhiteTeam "Corea"]
[BlackTeam "República Dominicana"]
[WhiteTeamCountry "KOR"]
[BlackTeamCountry "DOM"]

1. d4 Nf6 2. Nf3 g6 3. c4 Bg7 4. Nc3 O-O 5. e4 d6 6. Be2 Bg4 7. O-O Bxf3 8.
Bxf3 Nfd7 9. Be3 c5 10. Be2 Nc6 11. d5 Nd4 12. Qd2 e5 13. dxe6 fxe6 14. Bg4 Qe7
15. Nb5 Ne5 16. Be2 Nec6 17. Nc3 a6 18. Rad1 Rab8 19. b3 b5 20. f3 b4 21. Na4
Be5 22. f4 Bg7 23. Bg4 Bh6 24. g3 e5 25. f5 Bxe3+ 26. Qxe3 Rf6 27. h4 Kh8 28.
Kh2 gxf5 29. exf5 Rg8 30. Bh3 Qg7 31. g4 Rh6 32. Qe1 e4 33. Qxe4 Rxh4 34. Rg1
Ne5 0-1

[Event "Olimpiada de Khanty-Mansiysk 2010"]
[Site "Khanty-Mansiysk RUS"]
[Date "2010.09.28"]
[Round "7"]
[White "Matoewi, Roger"]
[Black "Farley, Terry"]
[Result "1/2-1/2"]
[WhiteElo "2151"]
[BlackElo "2231"]
[PlyCount "63"]
[EventDate "2010.09.21"]
[EventType "team"]
[EventRounds "11"]
[EventCountry "RUS"]
[Source "lmi"]
[SourceDate "2010.09.21"]
[WhiteTeam "Surinam"]
[BlackTeam "Barbados"]
[WhiteTeamCountry "SUR"]
[BlackTeamCountry "BAR"]

1. e4 c5 2. c4 Nc6 3. Nc3 g6 4. g3 Bg7 5. Bg2 e6 6. Nge2 Nge7 7. O-O O-O 8. d3
a6 9. Be3 Nd4 10. Rb1 Nec6 11. a3 d6 12. b4 Qe7 13. Qd2 a5 14. bxc5 dxc5 15.
Bh6 Nxe2+ 16. Nxe2 Bxh6 17. Qxh6 Rd8 18. Rfd1 e5 19. Nc3 Be6 20. Nd5 Bxd5 21.
exd5 Nd4 22. Qd2 Ra6 23. Rb2 a4 24. Re1 Qc7 25. h4 Nf5 26. Reb1 Nd6 27. Re1 Re8
28. Qc3 Nf5 29. d6 Qxd6 30. Rxb7 Nd4 31. Bd5 Rf8 32. Qc1 1/2-1/2

[Event "Olimpiada de Khanty-Mansiysk 2010"]
[Site "Khanty-Mansiysk RUS"]
[Date "2010.09.28"]
[Round "7"]
[White "Warner, Delisle"]
[Black "Mungroo, Franklin"]
[Result "1-0"]
[WhiteElo "2240"]
[BlackElo "2156"]
[PlyCount "68"]
[EventDate "2010.09.21"]
[EventType "team"]
[EventRounds "11"]
[EventCountry "RUS"]
[Source "lmi"]
[SourceDate "2010.09.21"]
[WhiteTeam "Barbados"]
[BlackTeam "Surinam"]
[WhiteTeamCountry "BAR"]
[BlackTeamCountry "SUR"]

1. d4 Nf6 2. c4 d6 3. Nc3 g6 4. e4 Nbd7 5. f4 Bg7 6. Nf3 c5 7. d5 O-O 8. Be2 a6
9. a4 h6 10. O-O Kh7 11. h3 Nh5 12. Bd3 Ng3 13. Re1 Nf6 14. Kh2 Nfh5 15. Be3 f5
16. exf5 Nxf5 17. Bxf5 gxf5 18. Nh4 Qe8 19. Qd3 Bxc3 20. bxc3 Ng7 21. Bd2 Qh5
22. g3 Qf7 23. Re3 Bd7 24. Rae1 Rfe8 25. a5 Rab8 26. g4 Qf6 27. Nf3 e5 28. fxe5
dxe5 29. Rxe5 Kh8 30. g5 hxg5 31. Bxg5 Qd6 32. Bf4 Qf6 33. Qe3 Nh5 34. Rxe8+
Rxe8 1-0

[Event "Olimpiada de Khanty-Mansiysk 2010"]
[Site "Khanty-Mansiysk RUS"]
[Date "2010.09.28"]
[Round "7"]
[White "Hanoeman, Suradj"]
[Black "Del Castilho, Martyn"]
[Result "0-1"]
[WhiteElo "1992"]
[BlackElo "2218"]
[PlyCount "86"]
[EventDate "2010.09.21"]
[EventType "team"]
[EventRounds "11"]
[EventCountry "RUS"]
[Source "lmi"]
[SourceDate "2010.09.21"]
[WhiteTeam "Surinam"]
[BlackTeam "Barbados"]
[WhiteTeamCountry "SUR"]
[BlackTeamCountry "BAR"]

1. d4 d5 2. c4 c6 3. Nc3 Nf6 4. Bg5 Ne4 5. Nxe4 dxe4 6. g3 g6 7. Qd2 Bg7 8.
O-O-O Bf5 9. Bg2 Nd7 10. g4 Bxg4 11. Bxe4 Nb6 12. c5 Nd5 13. f3 Be6 14. Bc2 h6
15. Bh4 a5 16. a3 O-O 17. e4 Nc7 18. Ne2 Bc4 19. Nc3 Ne6 20. Bf2 Qc7 21. Bg3
Qd7 22. Bf2 Rad8 23. e5 Qc7 24. Qe3 b6 25. h4 bxc5 26. dxc5 Qxe5 27. Qe4 Qxe4
28. Bxe4 Bd4 29. Bxd4 Nxd4 30. Rdg1 Nb3+ 31. Kb1 Nd2+ 32. Kc1 Nb3+ 33. Kb1 Nd2+
34. Kc1 Nxe4 35. Nxe4 Kg7 36. h5 Be2 37. Rh3 g5 38. Ng3 Bd3 39. Re1 e6 40. Ne4
Rd5 41. b4 axb4 42. axb4 Rb8 43. f4 Rd4 0-1

[Event "Olimpiada de Khanty-Mansiysk 2010"]
[Site "Khanty-Mansiysk RUS"]
[Date "2010.09.28"]
[Round "7"]
[White "Corbin, Philip"]
[Black "Veer, Willem"]
[Result "1/2-1/2"]
[WhiteElo "2151"]
[BlackElo "1957"]
[PlyCount "110"]
[EventDate "2010.09.21"]
[EventType "team"]
[EventRounds "11"]
[EventCountry "RUS"]
[Source "lmi"]
[SourceDate "2010.09.21"]
[WhiteTeam "Barbados"]
[BlackTeam "Surinam"]
[WhiteTeamCountry "BAR"]
[BlackTeamCountry "SUR"]

1. e4 e6 2. d4 d5 3. e5 c5 4. c3 Nc6 5. Nf3 Qb6 6. Bd3 Bd7 7. dxc5 Bxc5 8. Qe2
Qc7 9. O-O a6 10. a4 Nge7 11. Bf4 Ng6 12. Bg3 Qd8 13. Nbd2 O-O 14. b4 Bb6 15.
Nb3 Rc8 16. a5 Ba7 17. Nbd4 Nxd4 18. cxd4 Qe7 19. Rab1 Rc3 20. h4 Rfc8 21. h5
Nf8 22. Bh4 Qe8 23. h6 Rxd3 24. Qxd3 Bb5 25. Qd2 Bxf1 26. Rxf1 g6 27. Qf4 Nd7
28. Rc1 Rxc1+ 29. Qxc1 Bb8 30. Nh2 Ba7 31. Ng4 Bb8 32. Bf6 Kf8 33. b5 axb5 34.
Qa3+ Kg8 35. a6 bxa6 36. Qxa6 b4 37. Qb7 b3 38. Bg7 f5 39. exf6 Bd6 40. Qxb3
Qb8 41. Qxb8+ Bxb8 42. Kf1 Kf7 43. Ke2 e5 44. dxe5 Bxe5 45. Nxe5+ Nxe5 46. f4
Nc6 47. g4 Nd8 48. Ke3 Ne6 49. f5 gxf5 50. gxf5 d4+ 51. Ke4 Nc7 52. Kxd4 Nb5+
53. Ke5 Nc3 54. Kd6 Ne4+ 55. Kd5 Nc3+ 1/2-1/2

[Event "Olimpiada de Khanty-Mansiysk 2010"]
[Site "Khanty-Mansiysk RUS"]
[Date "2010.09.28"]
[Round "7"]
[White "Sanon, Mondoly"]
[Black "Gilruth, Peter"]
[Result "1/2-1/2"]
[WhiteElo "2120"]
[BlackElo "2202"]
[PlyCount "277"]
[EventDate "2010.09.21"]
[EventType "team"]
[EventRounds "11"]
[EventCountry "RUS"]
[Source "lmi"]
[SourceDate "2010.09.21"]
[WhiteTeam "Haití"]
[BlackTeam "Kenia"]
[WhiteTeamCountry "HAI"]
[BlackTeamCountry "KEN"]

1. e4 c6 2. d4 d5 3. exd5 cxd5 4. Nf3 Nf6 5. Nc3 Bg4 6. Be2 e6 7. O-O Be7 8. h3
Bh5 9. Bf4 Nc6 10. Be3 O-O 11. a3 Rc8 12. Qd2 Na5 13. Ne5 Bxe2 14. Qxe2 Nc4 15.
Nxc4 Rxc4 16. Na2 Ne4 17. c3 Bd6 18. Bc1 Qf6 19. Nb4 Bxb4 20. axb4 a6 21. Qg4
Rc6 22. f4 Qg6 23. Qf3 f5 24. Kh2 h5 25. Qd3 Rc4 26. Rf3 Qe8 27. Bd2 Rc7 28.
Be1 Qc6 29. Bh4 Qc4 30. Qd1 Qc6 31. Rf1 g6 32. Qd3 Rh7 33. Ra5 Rc8 34. Re1 Qc7
35. g3 Qc4 36. Qd1 Rc6 37. Ra3 Rc8 38. Ra5 b6 39. Ra1 Ra8 40. Qc2 Rc7 41. Qd1
a5 42. Bg5 Rca7 43. bxa5 Rxa5 44. Rxa5 Rxa5 45. Be7 Ra2 46. Qc1 Qd3 47. Bh4 Qf3
48. Qc2 Kf7 49. Rg1 Qxc3 50. Qxc3 Nxc3 51. Rg2 Nd1 52. Bd8 b5 53. b4 Nc3 54.
Rxa2 Nxa2 55. Ba5 h4 56. gxh4 Kg7 57. Kg2 Kh6 58. Kf3 Kh5 59. Kg3 Nc1 60. Bb6
Ne2+ 61. Kf3 Nc3 62. Bd8 Kh6 63. Be7 Kg7 64. Bc5 Kh7 65. Be7 Kh6 66. Bc5 Kh5
67. Be7 Nb1 68. Ke3 Na3 69. Kd3 Kh6 70. Bf8+ Kh7 71. Be7 Kg7 72. Ke3 Kf7 73.
Bc5 Nc2+ 74. Kd2 Na3 75. Ke2 Nc4 76. Kd3 Ke8 77. Ke2 Kd7 78. Kd3 Nb2+ 79. Ke2
Na4 80. Kd3 Ke8 81. Kd2 Kf7 82. Kd3 Kf6 83. Bd6 Nb6 84. Bc5 Nd7 85. Bd6 Kf7 86.
Ke3 Kg7 87. Kd3 Nb6 88. Be5+ Kh6 89. Bf6 Kh5 90. Bd8 Nc4 91. Be7 Nb6 92. Bd8
Nc8 93. Ke3 Nd6 94. Be7 Ne4 95. Kf3 Nd2+ 96. Ke2 Nc4 97. Kd3 Nb6 98. Ke3 Nd7
99. Bg5 Nb8 100. Kd3 Nc6 101. Kc3 Na7 102. Kd3 Nc8 103. Ke3 Nd6 104. Be7 Ne4
105. Kf3 Nd2+ 106. Ke2 Nb1 107. Kd3 Na3 108. Kc3 Kh6 109. Kd3 Kg7 110. Bd6 Kf6
111. Bc5 Kf7 112. Ke3 Kg7 113. Kd3 Kh6 114. Ke3 Kh5 115. Be7 Nc2+ 116. Kd3 Ne1+
117. Ke2 Ng2 118. Kf3 Nxh4+ 119. Kg3 g5 120. Bxg5 Ng6 121. Bd8 Nf8 122. Be7 Nd7
123. Kf3 Nb6 124. Ke3 Nc4+ 125. Kd3 Nb2+ 126. Kc2 Na4 127. Bd8 Kg6 128. Kb3 Kf7
129. Ba5 Ke8 130. Kc2 Ke7 131. Kb3 Kd7 132. Kc2 Kc6 133. Kb3 Kd7 134. Kc2 Ke7
135. Kb3 Kf7 136. Kc2 Kg6 137. Bd8 Kh5 138. Kb3 e5 139. Bb6 1/2-1/2

[Event "Olimpiada de Khanty-Mansiysk 2010"]
[Site "Khanty-Mansiysk RUS"]
[Date "2010.09.28"]
[Round "7"]
[White "Jones, Richard S"]
[Black "Al Sulaiti, Ali"]
[Result "1-0"]
[WhiteElo "2373"]
[BlackElo "2134"]
[PlyCount "60"]
[EventDate "2010.09.21"]
[EventType "team"]
[EventRounds "11"]
[EventCountry "RUS"]
[Source "lmi"]
[SourceDate "2010.09.21"]
[WhiteTeam "Gales"]
[BlackTeam "BRN"]
[WhiteTeamCountry "WLS"]

1. e4 c5 2. Nf3 a6 3. c3 d6 4. d4 Qc7 5. Bd3 g6 6. h3 Bg7 7. Be3 Nd7 8. O-O
Ngf6 9. Nbd2 O-O 10. a4 b6 11. Re1 Bb7 12. Qe2 e5 13. dxe5 dxe5 14. Nh2 Bc6 15.
b4 Qb7 16. f3 Qc7 17. Bxa6 Nh5 18. b5 Nb8 19. a5 bxa5 20. Bxc5 Nxa6 21. bxa6
Nf4 22. Qc4 Rfd8 23. Be3 h5 24. Reb1 Bh6 25. Rb7 Nxh3+ 26. gxh3 Bxe3+ 27. Kh1
Qxb7 28. axb7 Bxb7 29. Ndf1 Bf4 30. Qc7 Rab8 1-0

[Event "Olimpiada de Khanty-Mansiysk 2010"]
[Site "Khanty-Mansiysk RUS"]
[Date "2010.09.28"]
[Round "7"]
[White "Ayyad, Husain"]
[Black "Young, Alan"]
[Result "1-0"]
[WhiteElo "2165"]
[BlackElo "2009"]
[PlyCount "97"]
[EventDate "2010.09.21"]
[EventType "team"]
[EventRounds "11"]
[EventCountry "RUS"]
[Source "lmi"]
[SourceDate "2010.09.21"]
[WhiteTeam "BRN"]
[BlackTeam "Gales"]
[BlackTeamCountry "WLS"]

1. e4 e5 2. Nf3 Nc6 3. d4 exd4 4. Bc4 Bc5 5. O-O d6 6. Ng5 Ne5 7. Bb3 h6 8. f4
hxg5 9. fxe5 Be6 10. Bxe6 fxe6 11. Qg4 Qd7 12. Bxg5 dxe5 13. Kh1 Be7 14. Bxe7
Nxe7 15. Nd2 O-O-O 16. Rf7 g6 17. Qg5 Rde8 18. Nc4 b5 19. Nxe5 Qd6 20. Nf3 Rh5
21. Qg4 Reh8 22. h3 Nf5 23. Rf6 Qg3 24. Qxg3 Nxg3+ 25. Kh2 Nxe4 26. Rxg6 Re8
27. Re1 Nd6 28. Nxd4 e5 29. g4 Rh7 30. Nf3 Rf7 31. Kg3 e4 32. Ng5 Rd7 33. Re6
Rxe6 34. Nxe6 Re7 35. Nf4 Kd7 36. h4 Ke8 37. h5 Kf7 38. g5 Kg7 39. Kg4 Kh7 40.
h6 e3 41. Rh1 Ne4 42. g6+ Kh8 43. Kf5 e2 44. g7+ Kh7 45. Rg1 Ng3+ 46. Kf6 Re8
47. Kf7 Rd8 48. Nxe2 Nxe2 49. g8=Q+ 1-0

[Event "Olimpiada de Khanty-Mansiysk 2010"]
[Site "Khanty-Mansiysk RUS"]
[Date "2010.09.28"]
[Round "7"]
[White "Nepali, Badrilal"]
[Black "Tsang, Hon Ki"]
[Result "1-0"]
[WhiteElo "2135"]
[BlackElo "2085"]
[PlyCount "143"]
[EventDate "2010.09.21"]
[EventType "team"]
[EventRounds "11"]
[EventCountry "RUS"]
[Source "lmi"]
[SourceDate "2010.09.21"]
[WhiteTeam "Nepal"]
[BlackTeam "Hong Kong"]
[WhiteTeamCountry "NEP"]
[BlackTeamCountry "HKG"]

1. e4 e5 2. Nf3 Nc6 3. Bb5 a6 4. Ba4 Nf6 5. O-O Be7 6. Re1 b5 7. Bb3 O-O 8. c3
d5 9. exd5 Nxd5 10. Nxe5 Nxe5 11. Rxe5 Nf6 12. d4 Bd6 13. Re2 Ng4 14. h3 Qh4
15. Nd2 Bb7 16. Nf1 Rae8 17. Qe1 Nf6 18. Rxe8 Rxe8 19. Be3 Nh5 20. Qd2 Bxg2 21.
Kxg2 Qe4+ 22. f3 Qg6+ 23. Kh1 Ng3+ 24. Nxg3 Qxg3 25. Qg2 Rxe3 26. Qxg3 Bxg3 27.
Bd5 Re2 28. b3 Rc2 29. a4 bxa4 30. Rxa4 Rxc3 31. Rxa6 Kf8 32. Ra8+ Ke7 33. Rg8
c6 34. Bc4 Kf6 35. Rf8 Bd6 36. Rxf7+ Kg6 37. Rd7 Bf4 38. Kg2 Rc2+ 39. Kf1 Rh2
40. Bd3+ Kf6 41. Bxh7 g6 42. Bg8 Rxh3 43. Ke2 Rh2+ 44. Kd3 Rh8 45. Bc4 Re8 46.
Rf7+ Kg5 47. d5 c5 48. Kc2 Rd8 49. Re7 Rd6 50. Re8 Kf6 51. Kd3 Bh2 52. Rh8 Bg3
53. Ke4 Rd7 54. f4 Be1 55. Rf8+ Ke7 56. Rg8 Rd6 57. Kf3 Bd2 58. Rc8 Bb4 59. Kg4
Kf6 60. Rc7 Rd8 61. d6 g5 62. Rf7+ Kg6 63. f5+ Kh6 64. d7 Bc3 65. Bd3 Rb8 66.
f6 Rb4+ 67. Bc4 Rb8 68. Kf5 Ba5 69. Re7 Rd8 70. Bf7 Rh8 71. Re8 Rh7 72. Bg6 1-0

[Event "Olimpiada de Khanty-Mansiysk 2010"]
[Site "Khanty-Mansiysk RUS"]
[Date "2010.09.28"]
[Round "7"]
[White "Borigas, Edgardo"]
[Black "Shrestha, Bilam Lal"]
[Result "0-1"]
[WhiteElo "2005"]
[BlackElo "2096"]
[PlyCount "164"]
[EventDate "2010.09.21"]
[EventType "team"]
[EventRounds "11"]
[EventCountry "RUS"]
[Source "lmi"]
[SourceDate "2010.09.21"]
[WhiteTeam "Hong Kong"]
[BlackTeam "Nepal"]
[WhiteTeamCountry "HKG"]
[BlackTeamCountry "NEP"]

1. Nf3 d5 2. d4 Nf6 3. e3 e6 4. Bd3 c5 5. b3 Qc7 6. c3 Nc6 7. O-O Bd7 8. Ba3 b6
9. Nbd2 Be7 10. c4 O-O 11. Rc1 dxc4 12. Nxc4 cxd4 13. Bxe7 Nxe7 14. exd4 Rac8
15. Qd2 Bc6 16. Nce5 Qd6 17. Nc4 Qb8 18. Nfe5 Rfd8 19. Rfe1 Qb7 20. f3 Be8 21.
Bb1 Qd5 22. Rcd1 Nc6 23. Nxc6 Qxc6 24. Ne5 Qc3 25. Qf2 Rd5 26. Rd3 Qb4 27. Red1
a5 28. Qh4 Rcd8 29. Nc4 a4 30. a3 Qb5 31. Ne3 Rh5 32. Qf2 axb3 33. Qb2 Qg5 34.
Qxb3 Qh4 35. h3 Qg3 36. Qxb6 Rb8 37. Nf1 Qxg2+ 38. Kxg2 Rxb6 39. Ng3 Rhb5 40.
Bc2 Rb2 41. Rc3 Rc6 42. Rxc6 Bxc6 43. Rd2 g6 44. Nf1 Nd5 45. Kf2 Ra2 46. Bb3
Rxa3 47. Bxd5 Bxd5 48. Ne3 Ba8 49. f4 Kg7 50. h4 Be4 51. Rb2 Kf6 52. Re2 Rd3
53. Ng4+ Kf5 54. Ne5 Rxd4 55. Ke3 Ra4 56. Nxf7 Ra3+ 57. Kd4 Bd5 58. Rf2 Ra4+
59. Ke3 Ra3+ 60. Kd4 Rh3 61. Nh6+ Kf6 62. Ng4+ Ke7 63. Ke5 Rxh4 64. Nf6 Rh1 65.
Nxd5+ exd5 66. Kxd5 Kf6 67. Ke4 Ra1 68. Rh2 Ra4+ 69. Ke3 h5 70. Rc2 Ra3+ 71.
Ke4 Rg3 72. Rc6+ Kg7 73. Rc7+ Kh6 74. Rc6 h4 75. f5 h3 76. Rc1 Rg4+ 77. Ke5 Rg5
78. Kf4 Rxf5+ 79. Kg4 Rh5 80. Rh1 h2 81. Kg3 Kg5 82. Kg2 Kg4 0-1

[Event "Olimpiada de Khanty-Mansiysk 2010"]
[Site "Khanty-Mansiysk RUS"]
[Date "2010.09.28"]
[Round "7"]
[White "Kuan, Julian"]
[Black "Thapa, Uttam Raj"]
[Result "0-1"]
[WhiteElo "1760"]
[BlackElo "2029"]
[PlyCount "86"]
[EventDate "2010.09.21"]
[EventType "team"]
[EventRounds "11"]
[EventCountry "RUS"]
[Source "lmi"]
[SourceDate "2010.09.21"]
[WhiteTeam "Hong Kong"]
[BlackTeam "Nepal"]
[WhiteTeamCountry "HKG"]
[BlackTeamCountry "NEP"]

1. e4 c5 2. Nf3 d6 3. d4 cxd4 4. Nxd4 Nf6 5. Nc3 a6 6. Bc4 e6 7. O-O Be7 8. Bb3
O-O 9. Be3 Nc6 10. f4 Na5 11. Qf3 Qc7 12. f5 e5 13. Nde2 Nxb3 14. cxb3 b5 15.
Rac1 Qd7 16. g4 b4 17. g5 bxc3 18. gxf6 Bxf6 19. bxc3 Bb7 20. c4 a5 21. Nc3
Rfb8 22. Rfd1 Qe7 23. Rd2 Bc6 24. Rcd1 Rd8 25. Nd5 Bxd5 26. Rxd5 Qc7 27. Qe2
Be7 28. Qd3 Kf8 29. Bc1 a4 30. Be3 axb3 31. axb3 Rdb8 32. Rb1 Ra3 33. Qc2 Qb7
34. Rb5 Qc8 35. Rxb8 Qxb8 36. Kf2 Qa8 37. Kf3 g6 38. fxg6 hxg6 39. Qg2 f5 40.
Qc2 Ra2 41. Qd3 Rxh2 42. Rg1 fxe4+ 43. Qxe4 Rh3+ 0-1

[Event "Olimpiada de Khanty-Mansiysk 2010"]
[Site "Khanty-Mansiysk RUS"]
[Date "2010.09.28"]
[Round "7"]
[White "Lorenzana, Wilson Estuard"]
[Black "Cecchetti, Roberto"]
[Result "1-0"]
[WhiteElo "2206"]
[BlackElo "1930"]
[PlyCount "105"]
[EventDate "2010.09.21"]
[EventType "team"]
[EventRounds "11"]
[EventCountry "RUS"]
[Source "lmi"]
[SourceDate "2010.09.21"]
[WhiteTeam "Guatemala"]
[BlackTeam "San Marino"]
[WhiteTeamCountry "GUA"]
[BlackTeamCountry "SMR"]

1. e4 c5 2. Nf3 g6 3. d4 cxd4 4. Nxd4 Nc6 5. Nc3 Bg7 6. Be3 Nf6 7. Bc4 Qa5 8.
O-O d6 9. h3 O-O 10. Nb3 Qc7 11. Re1 Ne5 12. Bf1 Be6 13. Nd5 Bxd5 14. exd5 Rac8
15. f4 Nc4 16. Bd4 Nb6 17. c4 Qd7 18. Na5 Rc7 19. b3 Qf5 20. Qf3 Re8 21. g4 Qd7
22. Rad1 Nc8 23. a4 e6 24. dxe6 Rxe6 25. Rxe6 fxe6 26. Bg2 b6 27. Nc6 Ne7 28.
Nb4 d5 29. Be5 Rc8 30. g5 Nh5 31. cxd5 Bxe5 32. fxe5 Rf8 33. Qc3 Nf4 34. Rd2
Rc8 35. Qd4 Nexd5 36. Qxf4 Nxf4 37. Rxd7 Rc1+ 38. Kf2 a5 39. Rd4 Nxg2 40. Kxg2
axb4 41. Rxb4 Rc6 42. Rc4 Rxc4 43. bxc4 Kf7 44. Kf2 Ke7 45. Ke3 Kd7 46. Kd3 Kc7
47. Kc3 Kb7 48. Kb4 Kc6 49. h4 Kb7 50. Kb5 Kc7 51. c5 bxc5 52. Kxc5 Kd7 53. Kb6
1-0

[Event "Olimpiada de Khanty-Mansiysk 2010"]
[Site "Khanty-Mansiysk RUS"]
[Date "2010.09.28"]
[Round "7"]
[White "Righi, Ezio"]
[Black "Cu, Hor Winston"]
[Result "0-1"]
[WhiteElo "2116"]
[BlackElo "2106"]
[PlyCount "76"]
[EventDate "2010.09.21"]
[EventType "team"]
[EventRounds "11"]
[EventCountry "RUS"]
[Source "lmi"]
[SourceDate "2010.09.21"]
[WhiteTeam "San Marino"]
[BlackTeam "Guatemala"]
[WhiteTeamCountry "SMR"]
[BlackTeamCountry "GUA"]

1. e4 c5 2. Nf3 d6 3. d4 cxd4 4. Nxd4 Nf6 5. Nc3 a6 6. Be2 e5 7. Nb3 Be7 8. O-O
Be6 9. f4 Qc7 10. g4 exf4 11. g5 Nfd7 12. Bxf4 Nc6 13. Nd5 Bxd5 14. exd5 Nce5
15. c4 O-O 16. Nd4 Rfe8 17. Rc1 Bf8 18. Kh1 Ng6 19. Bd3 Nde5 20. Bxe5 dxe5 21.
Nf5 e4 22. Be2 Re5 23. Qb3 Rae8 24. Qh3 Qd8 25. Qg4 e3 26. Rf3 Re4 27. Qh5 Nf4
28. Rxf4 Rxf4 29. Qh3 g6 30. Ng3 Rf2 31. Qg4 Bd6 32. a3 Bxg3 33. hxg3 Re5 34.
Rd1 Rxg5 35. Qd4 Rxg3 36. d6 Rh3+ 37. Kg1 Qg5+ 38. Bg4 Rg3+ 0-1

[Event "Olimpiada de Khanty-Mansiysk 2010"]
[Site "Khanty-Mansiysk RUS"]
[Date "2010.09.28"]
[Round "7"]
[White "Juarez, Flores Roberto"]
[Black "Volpinari, Danilo"]
[Result "1-0"]
[WhiteElo "2106"]
[BlackElo "2054"]
[PlyCount "137"]
[EventDate "2010.09.21"]
[EventType "team"]
[EventRounds "11"]
[EventCountry "RUS"]
[Source "lmi"]
[SourceDate "2010.09.21"]
[WhiteTeam "Guatemala"]
[BlackTeam "San Marino"]
[WhiteTeamCountry "GUA"]
[BlackTeamCountry "SMR"]

1. d4 Nf6 2. c4 b6 3. Nf3 e6 4. g3 Bb7 5. Bg2 Bb4+ 6. Bd2 Be7 7. O-O O-O 8. Nc3
d5 9. Ne5 Na6 10. cxd5 exd5 11. Bg5 c5 12. e3 h6 13. Bxf6 Bxf6 14. Ng4 cxd4 15.
exd4 Nc7 16. Rc1 Re8 17. f4 Qd6 18. Ne5 Rad8 19. Qa4 a6 20. Rfd1 Be7 21. Qc2 f6
22. Ng4 Bf8 23. Qg6 Kh8 24. Bf1 f5 25. Ne5 Qxg6 26. Nxg6+ Kg8 27. Na4 Nb5 28.
Ne5 Rd6 29. Nc3 Nxc3 30. Rxc3 Rde6 31. Bd3 g6 32. Rc7 R8e7 33. Rdc1 Kg7 34. Kf2
h5 35. Bf1 Rxc7 36. Rxc7+ Re7 37. Rc2 Re6 38. h4 Bd6 39. Bg2 Re7 40. Bf1 Rc7
41. Bd3 Bc8 42. Ke3 Rxc2 43. Bxc2 Be6 44. Ba4 b5 45. Bb3 Kf6 46. Nd3 Be7 47. a4
b4 48. Bd1 a5 49. Bf3 Bd8 50. b3 Bb6 51. Ne5 Bc7 52. Be2 Bf7 53. Bb5 Bd8 54.
Bc6 Bc7 55. Kd3 Bd8 56. Bb7 Bc7 57. Nf3 Bd8 58. Nd2 Bc7 59. Nf1 Bd8 60. Ne3 Ke7
61. Bxd5 Bxd5 62. Nxd5+ Kd6 63. Kc4 Kc6 64. Ne3 Bb6 65. Nc2 Ba7 66. Ne1 Kd6 67.
Nd3 Ke6 68. Ne5 Kf6 69. Nc6 1-0